[Event "12sen.WM-H Naumburg"]
[Site "Naumburg/Saale(20.10.-03.11.)"]
[Date "2002.10.21"]
[Round "1"]
[White "Kraidman, Yair"]
[Black "Perk, Egbert"]
[Result "1-0"]
[WhiteElo "2314"]
[BlackElo "1910"]
[PlyCount "81"]
[EventDate "2002.11.??"]

1. d4 Nf6 2. c4 e6 3. Nf3 c5 4. d5 b5 5. dxe6 fxe6 6. cxb5 d5 7. e3 Bd6 8. Nc3
Bb7 9. e4 Nbd7 10. exd5 exd5 11. Be2 O-O 12. O-O Qc7 13. h3 Kh8 14. Bg5 d4 15.
Na4 Ne4 16. Bh4 Bf4 17. b4 g5 18. bxc5 Ndf6 19. c6 Bc8 20. Bg3 Nxg3 21. fxg3
Be3+ 22. Kh2 Ne4 23. Ne5 Bxh3 24. Bf3 Nf2 25. Rxf2 Bxf2 26. Qe2 Be3 27. Nc4 g4
28. Nxe3 gxf3 29. gxf3 Rae8 30. Qb2 Qe5 31. Nc4 Qd5 32. Rd1 Qxc4 33. Kxh3 Qe6+
34. Kg2 Qf6 35. Qxd4 Re2+ 36. Kh3 Re5 37. f4 Rh5+ 38. Kg2 Qxd4 39. Rxd4 Rxb5
40. c7 Ra5 41. Rd8 1-0

[Event "12sen.WM-H Naumburg"]
[Site "Naumburg/Saale(20.10.-03.11.)"]
[Date "2002.10.21"]
[Round "1"]
[White "Kripp, Wolfgang"]
[Black "Giering, Helmut"]
[Result "1/2-1/2"]
[WhiteElo "2172"]
[BlackElo "1714"]
[PlyCount "50"]
[EventDate "2002.11.??"]

1. e4 d5 2. exd5 Qxd5 3. Nc3 Qa5 4. d4 c6 5. Bc4 Nf6 6. Nf3 Bg4 7. O-O e6 8. h3
Bxf3 9. Qxf3 Be7 10. a3 Nbd7 11. Be3 O-O 12. Bd3 Rfe8 13. b4 Qd8 14. Bf4 Nf8
15. Be5 N8d7 16. b5 Nxe5 17. dxe5 Nd5 18. Ne4 cxb5 19. Bxb5 Rf8 20. Bd3 Rb8 21.
c4 Nf4 22. Bc2 Ng6 23. Qc3 Qc7 24. f4 Rbc8 25. Bd3 Rfd8 1/2-1/2

[Event "12sen.WM-H Naumburg"]
[Site "Naumburg/Saale(20.10.-03.11.)"]
[Date "2002.10.21"]
[Round "1"]
[White "Krischer, Ulrich"]
[Black "Goy, Udo"]
[Result "0-1"]
[WhiteElo "1730"]
[BlackElo "2193"]
[PlyCount "147"]
[EventDate "2002.11.??"]

1. d4 c5 2. d5 e6 3. c4 b5 4. e4 d6 5. Nf3 Be7 6. Qc2 a6 7. a3 exd5 8. cxd5 Nf6
9. Be2 O-O 10. O-O Re8 11. b3 Bf8 12. Bd3 Bg4 13. Nbd2 Nbd7 14. h3 Bh5 15. Bb2
Rc8 16. Rfe1 c4 17. bxc4 Bxf3 18. Nxf3 bxc4 19. Bf1 Qb6 20. Rac1 g6 21. Bd4 Qa5
22. Nd2 c3 23. Nc4 Qc7 24. Bxc3 Bg7 25. f3 h5 26. Bb4 Bf8 27. Bd3 Nc5 28. Ba5
Qe7 29. Nb6 Rb8 30. Rb1 Bg7 31. Bc4 h4 32. Qe2 Nh5 33. Bd2 Bd4+ 34. Be3 Qf6 35.
Bxd4 Qxd4+ 36. Qe3 Qxe3+ 37. Rxe3 Re7 38. Ree1 Reb7 39. e5 Rxb6 40. Rxb6 Rxb6
41. exd6 Rxd6 42. Re8+ Kg7 43. Rc8 Nb7 44. Rc6 Rd8 45. Rxa6 Nf4 46. Ra7 Nd6 47.
Rc7 Nxc4 48. Rxc4 g5 49. Kf2 Rxd5 50. Rc2 Ra5 51. Ra2 Ra4 52. g3 Ng6 53. Ra1
hxg3+ 54. Kxg3 Ne5 55. Ra2 f5 56. Ra1 Kf6 57. Ra2 f4+ 58. Kg2 Nc4 59. h4 Rxa3
60. hxg5+ Kxg5 61. Rf2 Ne3+ 62. Kh3 Ra7 63. Kh2 Rc7 64. Kg1 Rc1+ 65. Kh2 Kh4
66. Re2 Rc2 67. Kh1 Kg3 68. Re1 Kxf3 69. Rg1 Ke4 70. Rg8 f3 71. Rf8 Ng4 72.
Re8+ Kf4 73. Re1 Rh2+ 74. Kg1 0-1

[Event "12sen.WM-H Naumburg"]
[Site "Naumburg/Saale(20.10.-03.11.)"]
[Date "2002.10.21"]
[Round "1"]
[White "Krueger, Erich"]
[Black "Hoehne, Peter[38Wedd]"]
[Result "1-0"]
[WhiteElo "2223"]
[BlackElo "1767"]
[PlyCount "67"]
[EventDate "2002.11.??"]

1. d4 d5 2. c4 e6 3. Nc3 Nf6 4. cxd5 exd5 5. Bg5 Be7 6. e3 O-O 7. Qc2 Nc6 8. a3
a6 9. Bd3 h6 10. Bh4 Be6 11. Nge2 Nh5 12. Bxe7 Nxe7 13. Na4 b6 14. Rc1 c6 15.
Qb3 b5 16. Nc5 Bc8 17. O-O Nf6 18. Bb1 Nd7 19. Qc2 g6 20. f3 Nxc5 21. Qxc5 Kg7
22. e4 Be6 23. Nf4 Qd7 24. Rfe1 Rfc8 25. Nd3 dxe4 26. fxe4 Rd8 27. Kh1 Qd6 28.
Rcd1 Qxc5 29. Nxc5 Rd6 30. Rf1 Bg4 31. Rd2 Rad8 32. Rdf2 Rf8 33. Ba2 f5 34. h3
1-0

[Event "12sen.WM-H Naumburg"]
[Site "Naumburg/Saale(20.10.-03.11.)"]
[Date "2002.10.21"]
[Round "1"]
[White "Kuczmera, Manfred"]
[Black "Limberg, Siegfried"]
[Result "0-1"]
[WhiteElo "1608"]
[BlackElo "2128"]
[PlyCount "64"]
[EventDate "2002.11.??"]

1. d4 Nf6 2. Nc3 d5 3. Bg5 Nbd7 4. Nf3 g6 5. e3 Bg7 6. Be2 O-O 7. Qd2 c6 8. a4
Ne4 9. Qd1 f6 10. Bh4 Qa5 11. O-O Nxc3 12. bxc3 Qxc3 13. Bd3 e5 14. Be2 Qb4 15.
Bg3 Qe7 16. c4 e4 17. Nd2 f5 18. cxd5 cxd5 19. Nb3 g5 20. h3 f4 21. Bh2 Rf6 22.
Rc1 Nf8 23. Rc5 Be6 24. Bg4 b6 25. Rc1 Ng6 26. Nd2 Raf8 27. Nb1 fxe3 28. Rc7
exf2+ 29. Rxf2 Bxg4 30. hxg4 Rxf2 31. Rxe7 Rf1+ 32. Qxf1 Bxd4+ 0-1

[Event "12sen.WM-H Naumburg"]
[Site "Naumburg/Saale(20.10.-03.11.)"]
[Date "2002.10.21"]
[Round "1"]
[White "Kuhn, Arno[29Ludw]"]
[Black "Hamm, Georg"]
[Result "0-1"]
[WhiteElo "1532"]
[BlackElo "2078"]
[PlyCount "78"]
[EventDate "2002.11.??"]

1. d4 Nf6 2. Nf3 g6 3. g3 Bg7 4. c4 c5 5. e3 O-O 6. Bg2 Qc7 7. Qa4 d5 8. Ne5
Nbd7 9. f4 cxd4 10. exd4 Nb6 11. Qa5 dxc4 12. Qc5 Qd8 13. Nc3 Nfd7 14. Qb4 Nxe5
15. dxe5 f6 16. Bd2 fxe5 17. O-O-O Bg4 18. Rde1 exf4 19. Bxf4 e5 20. Be3 Kh8
21. h3 Bf3 22. Rhg1 h6 23. h4 Nd5 24. Nxd5 Qxd5 25. Bxf3 Rxf3 26. Rd1 Qe6 27.
Qd2 Kh7 28. h5 Qg4 29. hxg6+ Qxg6 30. g4 Raf8 31. g5 h5 32. Rh1 e4 33. Rde1 c3
34. Qh2 cxb2+ 35. Kb1 a5 36. Qxh5+ Qxh5 37. Rxh5+ Kg6 38. Rh4 Rxe3 39. Rxe3
Rf1+ 0-1

[Event "12sen.WM-H Naumburg"]
[Site "Naumburg/Saale(20.10.-03.11.)"]
[Date "2002.10.21"]
[Round "1"]
[White "Langer, Wolfgang[39Leipz]"]
[Black "Kristiansen, Erling"]
[Result "0-1"]
[WhiteElo "1813"]
[BlackElo "2257"]
[PlyCount "42"]
[EventDate "2002.11.??"]

1. d4 Nf6 2. g3 e6 3. Bg2 c5 4. Nf3 Nc6 5. Nc3 d5 6. O-O a6 7. a4 Bd7 8. b3 Rc8
9. Re1 Qb6 10. a5 Nxa5 11. e4 cxd4 12. Nxd5 exd5 13. exd5+ Kd8 14. Ne5 Be8 15.
Bd2 Bb4 16. Qe2 Rxc2 17. Nxf7+ Bxf7 18. Qe5 Bxd5 19. Qe7+ Kc8 20. Red1 Re8 21.
Qxg7 Rc7 0-1

[Event "12sen.WM-H Naumburg"]
[Site "Naumburg/Saale(20.10.-03.11.)"]
[Date "2002.10.21"]
[Round "1"]
[White "Lieb, Harald"]
[Black "Luecke, Volkmar"]
[Result "1-0"]
[WhiteElo "2314"]
[BlackElo "1890"]
[PlyCount "37"]
[EventDate "2002.11.??"]

1. d4 Nf6 2. c4 g6 3. Nc3 d5 4. cxd5 Nxd5 5. g3 Bg7 6. Bg2 Nxc3 7. bxc3 O-O 8.
e3 c5 9. Ne2 cxd4 10. cxd4 e5 11. O-O exd4 12. Nxd4 Nc6 13. Ba3 Ne7 14. Rb1 Qd7
15. Nb5 Rd8 16. Qb3 Nc6 17. Rfd1 Qf5 18. Nd6 Qf6 19. Bxc6 1-0

[Event "12sen.WM-H Naumburg"]
[Site "Naumburg/Saale(20.10.-03.11.)"]
[Date "2002.10.21"]
[Round "1"]
[White "Lundberg, Gunnar"]
[Black "Khanukov, Boris"]
[Result "0-1"]
[WhiteElo "1972"]
[BlackElo "2370"]
[PlyCount "74"]
[EventDate "2002.11.??"]

1. e4 g6 2. d4 Bg7 3. Nc3 c6 4. f4 d5 5. e5 h5 6. Nf3 Nh6 7. Be3 Bf5 8. Bd3 e6
9. Bxf5 Nxf5 10. Bf2 Nd7 11. O-O Bf8 12. Ne2 c5 13. c3 Be7 14. Ng3 b5 15. Nxf5
gxf5 16. Qe1 Rb8 17. dxc5 Nxc5 18. Bxc5 Bxc5+ 19. Kh1 Rg8 20. Ng5 Rxg5 21. fxg5
Qxg5 22. Qg3 Qxg3 23. hxg3 Kf8 24. b4 Bb6 25. a4 bxa4 26. Rxa4 Rc8 27. Rf3 Rc4
28. Ra3 Re4 29. Ra1 Rxe5 30. Kh2 Kg7 31. Rc1 Re4 32. c4 dxc4 33. Rf4 Kf6 34.
Rxc4 Ke5 35. Rfxe4+ fxe4 36. g4 hxg4 37. Kg3 f5 0-1

[Event "12sen.WM-H Naumburg"]
[Site "Naumburg/Saale(20.10.-03.11.)"]
[Date "2002.10.21"]
[Round "1"]
[White "Maassen, Hermann"]
[Black "Dorawa, Bernhard"]
[Result "0-1"]
[WhiteElo "1635"]
[BlackElo "2148"]
[PlyCount "36"]
[EventDate "2002.11.??"]

1. e4 c5 2. d4 cxd4 3. f4 Nc6 4. Nf3 g6 5. Nxd4 Bg7 6. c3 d6 7. Be2 Qb6 8. Nxc6
bxc6 9. Na3 Nf6 10. Nc4 Qc7 11. O-O Nxe4 12. Bf3 d5 13. Nd2 Qb6+ 14. Kh1 Nf2+
15. Rxf2 Qxf2 16. Nc4 Qc5 17. Be3 Qxc4 18. Qd2 Qa6 0-1

[Event "12sen.WM-H Naumburg"]
[Site "Naumburg/Saale(20.10.-03.11.)"]
[Date "2002.10.21"]
[Round "1"]
[White "Malich, Burkhard_Dr"]
[Black "Mauersberger, Frank"]
[Result "1-0"]
[WhiteElo "2357"]
[BlackElo "1989"]
[PlyCount "73"]
[EventDate "2002.11.??"]

1. Nf3 e6 2. c4 f5 3. g3 Nf6 4. Bg2 d5 5. O-O c6 6. d4 Bd6 7. Nbd2 O-O 8. Rb1
a5 9. Qc2 Ne4 10. Ne5 Qc7 11. Ndf3 Nd7 12. Nd3 Ndf6 13. Bf4 Bd7 14. Bxd6 Nxd6
15. Nfe5 Nf7 16. e3 Rac8 17. Rfc1 Nxe5 18. Nxe5 Qd6 19. Nd3 b5 20. b3 bxc4 21.
bxc4 Rb8 22. Qa4 Rxb1 23. Rxb1 Rb8 24. Rc1 Ra8 25. h3 Qb8 26. Nc5 Qb4 27. Qc2
Qb8 28. Rb1 Qd8 29. Qb3 Bc8 30. Qb6 Qe8 31. Qc7 Kf8 32. Rb6 Ne4 33. Nxe4 fxe4
34. Rxc6 Qd7 35. Qf4+ Kg8 36. Rc7 Qe8 37. Qe5 1-0

[Event "12sen.WM-H Naumburg"]
[Site "Naumburg/Saale(20.10.-03.11.)"]
[Date "2002.10.21"]
[Round "1"]
[White "Malinichev, Konstantin"]
[Black "Kummer, Heinz"]
[Result "1-0"]
[WhiteElo "1000"]
[BlackElo "2051"]
[PlyCount "69"]
[EventDate "2002.11.??"]

1. e4 c5 2. Nf3 d6 3. d4 cxd4 4. Qxd4 Nc6 5. Bb5 Bd7 6. Bxc6 Bxc6 7. Nc3 e5 8.
Qd3 Be7 9. O-O Qc7 10. Rd1 Rd8 11. Qc4 Rd7 12. Qe2 Nf6 13. Bg5 h6 14. Bxf6 Bxf6
15. Nd5 Bxd5 16. Rxd5 O-O 17. c4 Be7 18. Rad1 Rdd8 19. b3 b6 20. R1d3 f5 21.
exf5 Rxf5 22. Nd4 exd4 23. Rxf5 Qd7 24. Qf3 Re8 25. Qd5+ Kh8 26. Rxd4 Bf6 27.
Re4 a6 28. g3 b5 29. cxb5 Rxe4 30. Qxe4 axb5 31. Rd5 Qc6 32. Qd3 Qc1+ 33. Kg2
Qa3 34. Qxb5 Qa8 35. Qa5 1-0

[Event "12sen.WM-H Naumburg"]
[Site "Naumburg/Saale(20.10.-03.11.)"]
[Date "2002.10.21"]
[Round "1"]
[White "Marzoll, Wolfgang"]
[Black "Lardot, Derik"]
[Result "1/2-1/2"]
[WhiteElo "2325"]
[BlackElo "1916"]
[PlyCount "108"]
[EventDate "2002.11.??"]

1. e4 e5 2. d4 exd4 3. Bc4 Nf6 4. Nf3 Nxe4 5. Qxd4 d5 6. Bxd5 Nf6 7. Bxf7+ Kxf7
8. Qxd8 Bb4+ 9. Qd2 Re8+ 10. Kf1 Bxd2 11. Nbxd2 Nc6 12. c3 Bf5 13. h3 Rad8 14.
g4 Bd3+ 15. Kg2 Nd5 16. Kg3 Re2 17. Nf1 Nf6 18. N1d2 Nd5 19. Ne1 Nf6 20. f3 Ba6
21. Nb3 Rd1 22. Bg5 Rxa1 23. Nxa1 Rxb2 24. Bxf6 Kxf6 25. Ng2 Rxa2 26. Ne3 Ne7
27. Nac2 Bd3 28. Nb4 Rd2 29. Re1 c6 30. Ng2 a5 31. Nxd3 Rxd3 32. Nf4 Rxc3 33.
Nh5+ Kf7 34. Nxg7 a4 35. Ne6 b5 36. Ng5+ Kg6 37. h4 Nd5 38. Re6+ Kg7 39. Ne4
Rc4 40. Nd6 Rc3 41. h5 Re3 42. Nf5+ Kf7 43. Rxc6 Rc3 44. Nd6+ Ke6 45. Ra6 Nc7
46. Nxb5+ Nxa6 47. Nxc3 a3 48. Na2 Kf6 49. f4 Nc5 50. Kf3 h6 51. Ke3 Ke6 52.
Kd4 Nd7 53. Ke4 Nc5+ 54. Kd4 Nd7 1/2-1/2

[Event "12sen.WM-H Naumburg"]
[Site "Naumburg/Saale(20.10.-03.11.)"]
[Date "2002.10.21"]
[Round "1"]
[White "Masich, Vladimir"]
[Black "Braune, Herbert"]
[Result "1-0"]
[WhiteElo "2084"]
[BlackElo "1556"]
[PlyCount "82"]
[EventDate "2002.11.??"]

1. d4 Nf6 2. c4 c5 3. d5 b5 4. cxb5 a6 5. bxa6 Bxa6 6. Nc3 g6 7. Nf3 Bg7 8. g3
d6 9. e4 O-O 10. Bxa6 Nxa6 11. O-O Qc7 12. Bf4 Nd7 13. Qd2 Ne5 14. Nxe5 Bxe5
15. Bxe5 dxe5 16. a4 Rad8 17. Nb5 Qb6 18. Qc3 Qb8 19. Qa5 Nb4 20. Rac1 Rc8 21.
Rfd1 Rfd8 22. Na3 Qa8 23. Qxa8 Rxa8 24. b3 Rac8 25. Nc4 Na6 26. Nxe5 f6 27. Nc6
Rd7 28. Nd4 Kf7 29. Kf1 Rb8 30. Nb5 Rb6 31. Ke2 Nc7 32. Rxc5 Nxb5 33. axb5 Rdb7
34. Kd3 Rxb5 35. Rxb5 Rxb5 36. Kc4 Rb8 37. b4 Ke8 38. Ra1 Rb7 39. Ra6 Kd7 40.
f4 Rc7+ 41. Kb3 e5 1-0

[Event "12sen.WM-H Naumburg"]
[Site "Naumburg/Saale(20.10.-03.11.)"]
[Date "2002.10.21"]
[Round "1"]
[White "Maugg, Ludwig"]
[Black "Karol, Wolfgang"]
[Result "1-0"]
[WhiteElo "2142"]
[BlackElo "1630"]
[PlyCount "85"]
[EventDate "2002.11.??"]

1. d4 Nf6 2. c4 e6 3. Nf3 b6 4. a3 Bb7 5. Nc3 d5 6. cxd5 exd5 7. g3 Nbd7 8. Bg2
Be7 9. O-O O-O 10. Nh4 Re8 11. Nf5 Bf8 12. Bg5 g6 13. Nh6+ Kg7 14. Nxd5 c6 15.
Nxf6 Nxf6 16. Ng4 Be7 17. Nxf6 Bxf6 18. Bxf6+ Qxf6 19. e3 Rad8 20. Qa4 a5 21.
Rac1 Rc8 22. Rfd1 Ba8 23. Rc3 Re7 24. Rdc1 Rec7 25. b4 b5 26. Qxa5 Qe7 27. Qb6
Kf8 28. Qc5 Qxc5 29. Rxc5 Ke7 30. R1c3 Kd6 31. e4 Rb8 32. e5+ Kd7 33. d5 Rb6
34. Bh3+ Ke8 35. d6 Ra7 36. Re3 Bb7 37. e6 f5 38. Bg2 Ba8 39. Rd3 Kd8 40. d7
Rb8 41. Bxc6 Bxc6 42. Rxc6 Rc7 43. e7+ 1-0

[Event "12sen.WM-H Naumburg"]
[Site "Naumburg/Saale(20.10.-03.11.)"]
[Date "2002.10.21"]
[Round "1"]
[White "Mayers, Dan_E"]
[Black "Klose, Hans_Peter"]
[Result "1-0"]
[WhiteElo "2079"]
[BlackElo "1547"]
[PlyCount "41"]
[EventDate "2002.11.??"]

1. e4 c5 2. d4 cxd4 3. c3 Nc6 4. cxd4 e6 5. d5 exd5 6. exd5 Nb8 7. Nc3 Nf6 8.
Bg5 d6 9. Nf3 h6 10. Bh4 g5 11. Bg3 Qa5 12. Bb5+ Bd7 13. Qe2+ Kd8 14. Bc4 Nh5
15. O-O Nxg3 16. fxg3 Bg7 17. Qd2 Re8 18. Nxg5 Qc5+ 19. Kh1 Qxc4 20. Nxf7+ Kc7
21. Rac1 1-0

[Event "12sen.WM-H Naumburg"]
[Site "Naumburg/Saale(20.10.-03.11.)"]
[Date "2002.10.21"]
[Round "1"]
[White "Meinhardt, Guenther"]
[Black "Zhukov, Viktor"]
[Result "1/2-1/2"]
[WhiteElo "1763"]
[BlackElo "2220"]
[PlyCount "41"]
[EventDate "2002.11.??"]

1. d4 Nf6 2. Nf3 g6 3. c4 Bg7 4. Nc3 O-O 5. e4 d6 6. Be2 e5 7. Bg5 exd4 8. Nxd4
h6 9. Be3 Re8 10. f3 c6 11. Qd2 d5 12. cxd5 cxd5 13. Bxh6 dxe4 14. Bxg7 Kxg7
15. O-O-O Nc6 16. fxe4 Nxe4 17. Nxe4 Rxe4 18. Nxc6 Qxd2+ 19. Rxd2 bxc6 20. Bf3
Rc4+ 21. Rc2 1/2-1/2

[Event "12sen.WM-H Naumburg"]
[Site "Naumburg/Saale(20.10.-03.11.)"]
[Date "2002.10.21"]
[Round "1"]
[White "Moschell, Hans_Helmut"]
[Black "Zoltek, Tadeuz"]
[Result "0-1"]
[WhiteElo "1847"]
[BlackElo "2317"]
[PlyCount "78"]
[EventDate "2002.11.??"]

1. c4 e6 2. Nc3 d5 3. d4 Nf6 4. e3 Be7 5. Nf3 O-O 6. Bd3 b6 7. O-O Bb7 8. Qe2
Nc6 9. a3 dxc4 10. Bxc4 Na5 11. Ba2 c5 12. Rd1 Qc8 13. Bd2 Ba6 14. Nb5 Nc6 15.
Rac1 Qb7 16. Bc4 Rfd8 17. Bc3 Ne4 18. d5 Nxc3 19. bxc3 Bxb5 20. Bxb5 exd5 21.
e4 dxe4 22. Qxe4 Na5 23. Qxb7 Nxb7 24. Bc6 Rxd1+ 25. Rxd1 Rd8 26. Re1 Na5 27.
Bb5 Bf6 28. c4 g6 29. Kf1 Kg7 30. a4 h6 31. Rb1 Rd3 32. Ke2 Rc3 33. Nd2 Rc2 34.
Kd3 Rc3+ 35. Ke2 Ra3 36. Ne4 Bd4 37. Rf1 Nb3 38. f4 Ra2+ 39. Kd1 f5 0-1

[Event "12sen.WM-H Naumburg"]
[Site "Naumburg/Saale(20.10.-03.11.)"]
[Date "2002.10.21"]
[Round "1"]
[White "Mueller, Hartmut_Dieter"]
[Black "Bernhoeft, Erhard"]
[Result "0-1"]
[WhiteElo "1505"]
[BlackElo "1988"]
[PlyCount "94"]
[EventDate "2002.11.??"]

1. e4 c5 2. Nf3 Nc6 3. d4 cxd4 4. Nxd4 Qb6 5. Nb3 Nf6 6. Be3 Qc7 7. Nc3 e6 8.
a3 a6 9. Qd2 d6 10. h3 Be7 11. Be2 Ne5 12. Qd4 O-O 13. O-O-O b5 14. Qb6 Qb7 15.
Qxb7 Bxb7 16. f4 Nc6 17. Bf3 Nd7 18. g4 Rfc8 19. Rh2 Rab8 20. f5 Nce5 21. fxe6
fxe6 22. Be2 Rxc3 23. bxc3 Bxe4 24. Nd4 Rc8 25. Bd2 Nc5 26. Rf2 Bd5 27. g5 Ne4
28. Rh2 Nxd2 29. Kxd2 Bxg5+ 30. Ke1 Bf4 31. Rf2 Bg3 32. Kf1 Rxc3 33. Nf5 Bxf2
34. Ne7+ Kf7 35. Nxd5 exd5 36. Kxf2 Ke6 37. Bd3 Nxd3+ 38. cxd3 Rxa3 39. Re1+
Kd7 40. Ke3 b4 41. Kd4 a5 42. Rb1 Rc3 43. Ra1 Rc5 44. Rb1 Rb5 45. Ke3 a4 46.
Kd2 b3 47. Rb2 a3 0-1

[Event "12sen.WM-H Naumburg"]
[Site "Naumburg/Saale(20.10.-03.11.)"]
[Date "2002.10.21"]
[Round "1"]
[White "Neese, Hans_Joachim"]
[Black "Peierl, Walter"]
[Result "1/2-1/2"]
[WhiteElo "2247"]
[BlackElo "1800"]
[PlyCount "54"]
[EventDate "2002.11.??"]

1. d4 f5 2. c4 g6 3. Nc3 Bg7 4. g3 Nf6 5. Bg2 d6 6. f4 c6 7. Nf3 O-O 8. O-O Na6
9. Rb1 Rb8 10. e3 Nc7 11. Qe2 e6 12. b4 a6 13. e4 d5 14. e5 Ne4 15. Bb2 b5 16.
cxb5 cxb5 17. Rfc1 Na8 18. Nd1 Nb6 19. Ne3 Bd7 20. Ne1 Nc4 21. Nd3 a5 22. Bc3
Nxc3 23. Rxc3 axb4 24. Rxb4 Qa5 25. Rc2 Rfd8 26. Kf2 Bf8 27. Rb3 Qa7 1/2-1/2

[Event "12sen.WM-H Naumburg"]
[Site "Naumburg/Saale(20.10.-03.11.)"]
[Date "2002.10.21"]
[Round "1"]
[White "Niebling, Ferdinand"]
[Black "Malin, Klaus"]
[Result "1-0"]
[WhiteElo "2131"]
[BlackElo "1612"]
[PlyCount "63"]
[EventDate "2002.11.??"]

1. e4 e5 2. Nf3 Nc6 3. Bb5 a6 4. Bxc6 dxc6 5. O-O Qd6 6. d4 exd4 7. Nxd4 Be6 8.
Be3 O-O-O 9. Nc3 Be7 10. Qe2 Bf6 11. Rfd1 Qe7 12. Nxc6 Rxd1+ 13. Rxd1 Qe8 14.
Nd4 Ne7 15. f4 Bxd4 16. Bxd4 f6 17. Bf2 Nc6 18. a3 Qe7 19. Qd3 Rd8 20. Nd5 Qf7
21. c4 Bxd5 22. cxd5 g5 23. Qf3 Qd7 24. Rc1 Nb8 25. Bb6 c6 26. Bxd8 Qxd8 27.
fxg5 fxg5 28. Qf5+ Nd7 29. dxc6 bxc6 30. Rxc6+ Kb7 31. Rd6 Kc7 32. Qa5+ 1-0

[Event "12sen.WM-H Naumburg"]
[Site "Naumburg/Saale(20.10.-03.11.)"]
[Date "2002.10.21"]
[Round "1"]
[White "Oelert, Ralf"]
[Black "Bergmann, Hans_Dieter"]
[Result "1-0"]
[WhiteElo "2077"]
[BlackElo "1496"]
[PlyCount "83"]
[EventDate "2002.11.??"]

1. d4 Nf6 2. e3 d6 3. Bd3 g6 4. f4 c5 5. Nf3 Bg4 6. h3 Bd7 7. O-O Nc6 8. Bd2
Bg7 9. c4 cxd4 10. exd4 a5 11. Qe2 Nh5 12. Qf2 Qb6 13. Be3 Qc7 14. Nc3 Nb4 15.
Be2 Nc2 16. Nd5 Qd8 17. Rac1 Nxe3 18. Qxe3 Ng3 19. Rfd1 Nf5 20. Qf2 O-O 21. Bd3
Nh6 22. Ne3 e6 23. Be4 Rb8 24. c5 d5 25. Bc2 Kh8 26. Rd3 Ng8 27. Ng4 Ne7 28.
Nge5 Bb5 29. Re3 Bh6 30. Ng5 Be8 31. Nef3 Bg7 32. h4 h6 33. Nh3 Ng8 34. Qe2 Nf6
35. Ne5 Nh5 36. g4 Nf6 37. h5 gxh5 38. g5 Ng4 39. Nxg4 hxg4 40. Qd3 f5 41. gxf6
Kg8 42. Qh7+ 1-0

[Event "12sen.WM-H Naumburg"]
[Site "Naumburg/Saale(20.10.-03.11.)"]
[Date "2002.10.21"]
[Round "1"]
[White "Ollek, Karl_Heinz"]
[Black "Broberg, Horst"]
[Result "0-1"]
[WhiteElo "1663"]
[BlackElo "2157"]
[PlyCount "106"]
[EventDate "2002.11.??"]

1. c4 e5 2. Nc3 Nf6 3. g3 Bb4 4. Bg2 O-O 5. e3 Bxc3 6. bxc3 d6 7. Ne2 Nc6 8.
O-O Be6 9. d3 Qd7 10. Qa4 Bh3 11. Ba3 Qf5 12. Rad1 Qh5 13. Bxh3 Qxh3 14. f3 Nd7
15. Qc2 f5 16. Kh1 Rae8 17. Ng1 Qh6 18. Rde1 e4 19. fxe4 fxe4 20. Rxf8+ Rxf8
21. d4 Nf6 22. Qe2 Nh5 23. Kg2 Nf6 24. Rf1 b6 25. Rf4 g5 26. Rf1 Qh5 27. Qxh5
Nxh5 28. Rxf8+ Kxf8 29. c5 bxc5 30. dxc5 d5 31. Ne2 Ke7 32. Nd4 Kd7 33. g4 Nf6
34. Kg3 a6 35. Bb2 Ne5 36. h3 Nc6 37. Nc2 Na5 38. Nd4 Nc4 39. Bc1 c6 40. Kf2
Ne8 41. Nc2 Nc7 42. Na3 Nb5 43. Nb1 Ne5 44. Ke2 Nd3 45. Bd2 Nxc5 46. Be1 Na4
47. Kd2 Nb6 48. h4 Nc4+ 49. Ke2 h6 50. hxg5 hxg5 51. a4 Nba3 52. Nxa3 Nxa3 53.
Bg3 Nc4 0-1

[Event "12sen.WM-H Naumburg"]
[Site "Naumburg/Saale(20.10.-03.11.)"]
[Date "2002.10.21"]
[Round "1"]
[White "Olsen, Willy"]
[Black "Chehlov, Alexander"]
[Result "1-0"]
[WhiteElo "1874"]
[BlackElo "2263"]
[PlyCount "111"]
[EventDate "2002.11.??"]

1. d4 Nf6 2. c4 g6 3. Nc3 Bg7 4. e4 d6 5. f4 c5 6. d5 O-O 7. Be2 b5 8. e5 Ne8
9. Nf3 bxc4 10. O-O Nd7 11. e6 Nb6 12. f5 gxf5 13. Ng5 fxe6 14. dxe6 Nf6 15.
Rxf5 h6 16. Nf7 Rxf7 17. exf7+ Kxf7 18. Rf1 Bb7 19. Bf3 d5 20. Bf4 e6 21. Qd2
Qf8 22. Rae1 Bc6 23. Bh5+ Kg8 24. Bg6 Bd7 25. h3 Rc8 26. Be5 Qe7 27. Bxf6 Bxf6
28. Qxh6 Bd4+ 29. Kh1 Qg7 30. Qh5 Bf6 31. Rf3 e5 32. Ref1 Rf8 33. Rg3 Be8 34.
Bf7+ Bxf7 35. Rxg7+ Bxg7 36. Qg5 Re8 37. h4 Re6 38. Qd8+ Re8 39. Qg5 e4 40.
Rxf7 Kxf7 41. Qh5+ Kf8 42. Qf5+ Kg8 43. h5 e3 44. Qg6 Re7 45. h6 d4 46. Ne4 Nd7
47. Ng3 Nf8 48. Qg4 Rf7 49. hxg7 Rxg7 50. Qf3 Rd7 51. Nf5 a5 52. Kg1 a4 53. a3
Nh7 54. Kf1 Nf6 55. Nxe3 Rf7 56. Nf5 1-0

[Event "12sen.WM-H Naumburg"]
[Site "Naumburg/Saale(20.10.-03.11.)"]
[Date "2002.10.21"]
[Round "1"]
[White "Otto, Klaus"]
[Black "Boeven, Manfred"]
[Result "0-1"]
[WhiteElo "1652"]
[BlackElo "2154"]
[PlyCount "92"]
[EventDate "2002.11.??"]

1. e4 c5 2. Nf3 e6 3. d4 cxd4 4. Nxd4 Nf6 5. Bd3 Nc6 6. Nxc6 bxc6 7. O-O d5 8.
exd5 cxd5 9. Bg5 Be7 10. Bb5+ Bd7 11. Bxd7+ Qxd7 12. Nd2 O-O 13. Rb1 h6 14.
Bxf6 Bxf6 15. c3 Rab8 16. Re1 Rfc8 17. Nf3 Qb5 18. h3 Rc4 19. Qd3 Rb4 20. Qxb5
R4xb5 21. Re2 Bxc3 22. b3 a5 23. Rc2 Bf6 24. Rbc1 g5 25. Rc5 Kg7 26. Rxb5 Rxb5
27. Rc2 a4 28. bxa4 Rb1+ 29. Kh2 Rb4 30. a5 Ra4 31. Nd2 Rxa5 32. Kg3 Ra3+ 33.
Nb3 Bd4 34. f4 Ba7 35. fxg5 hxg5 36. Kf3 e5 37. Ke2 e4 38. Nd2 d4 39. Kd1 d3
40. Rb2 e3 41. Nf3 f6 42. g4 Kf7 43. Rb3 Rxb3 44. axb3 Bc5 45. Ne1 e2+ 46. Kc1
Be3+ 0-1

[Event "12sen.WM-H Naumburg"]
[Site "Naumburg/Saale(20.10.-03.11.)"]
[Date "2002.10.21"]
[Round "1"]
[White "Ousatchi, Mark"]
[Black "Theuermeister, Peter"]
[Result "1-0"]
[WhiteElo "2196"]
[BlackElo "1728"]
[PlyCount "85"]
[EventDate "2002.11.??"]

1. d4 Nf6 2. c4 g6 3. Nf3 Bg7 4. Nc3 d5 5. Bg5 c6 6. e3 Bf5 7. Qb3 Qb6 8. Qxb6
axb6 9. Bxf6 Bxf6 10. cxd5 O-O 11. Bc4 Na6 12. O-O Rfd8 13. Bb3 Nb4 14. e4 Bg4
15. Ne5 Bxe5 16. dxe5 cxd5 17. Nxd5 Nc6 18. Nxb6 Ra6 19. Nd5 Be2 20. Rfe1 Nd4
21. Nxe7+ Kf8 22. Nd5 Nxb3 23. axb3 Rxa1 24. Rxa1 Rc8 25. Nc3 Bd3 26. f3 b5 27.
b4 Rc4 28. Ra8+ Kg7 29. Rd8 Bc2 30. Rd2 Ba4 31. Nd5 Rc1+ 32. Kf2 Bb3 33. Ke3
Bc4 34. Nf6 g5 35. g4 Re1+ 36. Kf2 Rf1+ 37. Kg2 Re1 38. Rd8 Re2+ 39. Kg3 Rxb2
40. Rg8+ Kh6 41. h4 gxh4+ 42. Kxh4 Rh2+ 43. Kg3 1-0

[Event "12sen.WM-H Naumburg"]
[Site "Naumburg/Saale(20.10.-03.11.)"]
[Date "2002.10.21"]
[Round "1"]
[White "Packroff, Hermann"]
[Black "Rueggeberg, Wilhelm"]
[Result "1/2-1/2"]
[WhiteElo "2262"]
[BlackElo "1814"]
[PlyCount "89"]
[EventDate "2002.11.??"]

1. d4 Nf6 2. Bg5 Ne4 3. h4 h6 4. Bf4 e6 5. e3 d5 6. Bd3 Nf6 7. Nf3 Nbd7 8. Nbd2
c5 9. c3 Qb6 10. Rb1 Bd6 11. O-O Qc7 12. Bxd6 Qxd6 13. e4 dxe4 14. Nxe4 Nxe4
15. Bxe4 Nf6 16. Bc2 Bd7 17. Qe2 cxd4 18. Rfd1 O-O 19. Rxd4 Qc7 20. Ne5 Rad8
21. Rbd1 Bc8 22. Qd3 Rxd4 23. Qxd4 b6 24. c4 Bb7 25. b4 Rc8 26. Bb1 Qe7 27. a3
g6 28. f3 Rc7 29. Qd3 Kh8 30. Qd4 Kg8 31. Qf4 Kg7 32. g4 Nh7 33. Qd4 Kg8 34.
Qf2 Qf6 35. Qg3 Re7 36. Kg2 Kg7 37. Kh3 g5 38. h5 Qf4 39. Bxh7 Qxg3+ 40. Kxg3
Kxh7 41. Rd7 Rxd7 42. Nxd7 Kg7 43. c5 bxc5 44. Nxc5 Bd5 45. a4 1/2-1/2